The Japan Quiz - Statistics

General Stats
  • This quiz has been taken 763 times
  • The average score is 5 of 10
Answer Stats
Hint Answer % Correct
Largest city Tokyo
99%
The currency Yen
93%
The national sport Sumo wrestling
87%
Most popular spactator sport Baseball
82%
Name of the musician and peace activist who married John Lennon Yoko Ono
63%
Second most populated city of Japan Yokohama
49%
Year that the current Emperor, Akihito acceded to the throne 1989
31%
Name of the artist who's work includes The Great Wave off Kanagawa Hokusai
17%
Number of islands that make up the country 6,852
7%
Book in which Japan first appears in written history Book of Han
1%
No matching quizzes found
Score Distribution
Percent of People with Each Score
Percentile by Number Answered
Your Score History
You have not taken this quiz